Kleinian groups and uniformization in examples and problems /
Guardado en:
| Autor Principal: | |
|---|---|
| Otros Autores: | , |
| Formato: | Libro |
| Idioma: | English Russian |
| Publicado: |
Providence, R.I. :
American Mathematical Society,
c1986.
|
| Series: | Translations of mathematical monographs ;
v. 62 |
| Materias: | |
| Etiquetas: |
Agregar Etiqueta
Sin Etiquetas, Sea el primero en etiquetar este registro!
|
| LEADER | 01160pam a2200289 a 4500 | ||
|---|---|---|---|
| 001 | MAT.inmabb006217 | ||
| 008 | 850614s1986####riua#####b####001#0#eng## | ||
| 005 | 20160811115228.0 | ||
| 245 | 1 | 0 | |a Kleinian groups and uniformization in examples and problems / |c by S.L. Krushkal, B.N. Apanasov, N.A. Gusevskii. |
| 260 | |a Providence, R.I. : |b American Mathematical Society, |c c1986. | ||
| 300 | |a vii, 198 p. : |b il. ; |c 24 cm. | ||
| 440 | 0 | |a Translations of mathematical monographs ; |v v. 62 | |
| 500 | |a Traducción de: Kleinovy gruppy i uniformizatsiia v primerakh i zadachakh. | ||
| 504 | |a Bibliografía: p. 175-193. | ||
| 500 | |a Incluye índice. | ||
| 510 | 4 | |a MR, |c 87f:32054 | |
| 020 | |a 0821845160 (alk. paper) | ||
| 100 | 1 | |a Krushkal', S. L. |q (Samuil Leibovich) | |
| 240 | 1 | 0 | |a Kleinovy gruppy i uniformizatsiia v primerakh i zadachakh. |l Inglés |
| 700 | 1 | |a Apanasov, B. N. |q (Boris Nikolaevich) | |
| 700 | 1 | |a Gusevskii, N. A. |q (Nikolai Aleksandrovich) | |
| 650 | 0 | |a Kleinian groups. | |
| 084 | |a 32G15 (20H10 22E40 30F40 57M12) |2 msc2000 | ||
| 010 | |a 85015058 | ||
| 040 | |a DLC |c DLC |d DLC | ||
| 041 | 1 | |a eng |h rus | |
| 859 | |h 30 |i K94 |p A-5985 |b BIB. MATEMATICA | ||
